000 00246 a2200097 4500
020 _a9789361595646
100 _aLindy Ryan
245 _aVisual analytics: creating compelling data narratives with tableau
260 _bPearson
_c2025
942 _cOO
999 _c116006
_d116005